| 000 | 00550nam a2200205Ia 4500 | ||
|---|---|---|---|
| 005 | 20250425162459.0 | ||
| 008 | 250425s9999 xx 000 0 und d | ||
| 020 | _a9789700000000 | ||
| 041 | _aspa | ||
| 082 | _a621.31 | ||
| 100 | _aBROKERING CHRISTIE, WALTER | ||
| 245 | 0 | _aÑOM LUFKE (EL RAYO DOMADO) O LOS SISTEMAS ELECTRICOS DE POTENCIA | |
| 250 | _a1A ED. | ||
| 260 |
_aChile _bPEARSON EDUCACION _c2008 |
||
| 260 | _aSANTIAGO DE CHILE | ||
| 300 | _a504 | ||
| 650 | _aSISTEMAS ELECTRICOS DE POTENCIA | ||
| 942 | _c01 | ||
| 010 | _a76964 | ||
| 999 |
_c230124 _d230124 |
||